Logo CIB grande

HEAT AND MASS TRANSFER: FUNDAMENTALS & APPLICATIONS (Registro nro. 232399)

Detalles MARC
000 -LEADER
campo de control de longitud fija 00626nam a2200241Ia 4500
005 - FECHA Y HORA DE LA ÚLTIMA TRANSACCIÓN
campo de control 20250425162606.0
008 - DATOS DE LONGITUD FIJA--INFORMACIÓN GENERAL
campo de control de longitud fija 250425s9999 xx 000 0 und d
020 ## - NÚMERO INTERNACIONAL ESTÁNDAR DEL LIBRO
Número Internacional Estándar del Libro 9780073398129
041 ## - CÓDIGO DE IDIOMA
Código de lengua del texto/banda sonora o título independiente eng
082 ## - NÚMERO DE LA CLASIFICACIÓN DECIMAL DEWEY
Número de clasificación 621.4022
010 ## - NÚMERO DE CONTROL DE LA BIBLIOTECA DEL CONGRESO
Número de control de LC 87974
100 ## - ENTRADA PRINCIPAL--NOMBRE DE PERSONA
Nombre de persona CENGEL, YUNUS A.
245 #0 - MENCIÓN DEL TÍTULO
Título HEAT AND MASS TRANSFER: FUNDAMENTALS & APPLICATIONS
250 ## - MENCION DE EDICION
Mención de edición 4TH ED.
260 ## - PUBLICACIÓN, DISTRIBUCIÓN, ETC.
Lugar de publicación, distribución, etc. Estados Unidos
Nombre del editor, distribuidor, etc. MCGRAW-HILL
Fecha de publicación, distribución, etc. 2011
260 ## - PUBLICACIÓN, DISTRIBUCIÓN, ETC.
Lugar de publicación, distribución, etc. NEW YORK
300 ## - DESCRIPCIÓN FÍSICA
Extensión 924
500 ## - NOTA GENERAL
Nota general CADA EJEMPLAR INCLUYE 1 CD
650 ## - PUNTO DE ACCESO ADICIONAL DE MATERIA--TÉRMINO DE MATERIA
Término de materia o nombre geográfico como elemento de entrada TRANSFERENCIA DE MASA
650 ## - PUNTO DE ACCESO ADICIONAL DE MATERIA--TÉRMINO DE MATERIA
Término de materia o nombre geográfico como elemento de entrada TRANSMISION DE CALOR
700 ## - ENTRADA AGREGADA--NOMBRE PERSONAL
Nombre de persona GHAJAR, AFSHIN J
942 ## - ELEMENTOS DE ENTRADA SECUNDARIOS (KOHA)
Tipo de ítem Koha Libros
Existencias
Estatus retirado Estado de pérdida Estado de daño No para préstamo Biblioteca de origen Biblioteca actual Ubicación en estantería Fecha de adquisición Coste, precio normal de compra Etiqueta RFID Total de préstamos Código de barras Visto por última vez Fecha del último préstamo Copia número Tipo de ítem Koha Fuente de la clasificación o esquema de estantería Signatura topográfica completa
        CENTRO DE INFORMACIÓN BIBLIOTECARIA CENTRO DE INFORMACIÓN BIBLIOTECARIA   31/10/2013 200.00 0000000000000000015106 5 56723 22/01/2026 15/01/2026 1 Libros    
        CENTRO DE INFORMACIÓN BIBLIOTECARIA CENTRO DE INFORMACIÓN BIBLIOTECARIA   31/10/2013 200.00 0000000000000000015105 8 56724 22/01/2026 21/01/2026 2 Libros Clasificación Decimal Dewey 621.4022
        FACULTAD DE INGENIERIA MECANICA Y CIENCIAS DE LA PRODUCCION FACULTAD DE INGENIERIA MECANICA Y CIENCIAS DE LA PRODUCCION   31/10/2013 200.00     56780     3      
        FACULTAD DE INGENIERIA MECANICA Y CIENCIAS DE LA PRODUCCION FACULTAD DE INGENIERIA MECANICA Y CIENCIAS DE LA PRODUCCION   31/10/2013 200.00     56781     4      

Copyright 2025 ESPOL. Todos los derechos reservados.